000 00694nam a2200253Ia 4500
003 OSt
005 20220918192633.0
006 a|||||r|||| 00| 0
007 ta
008 220917b |||||||| |||| 00| 0 eng d
024 _a69,339
037 _cTextual
040 _aARTS
_cARTS
_beng
041 _2eng
_aeng
082 _aQ4:33, G6;L2
100 _aJohnson E. H.
_963263
245 0 _aBuddhacharita or acts of the Buddha
260 _aDelhi
_bMotilal Banarsidass India
_c1972
300 _a232p.
_ccm.
490 _aPanjab university oriental publications; 32
650 _aRELIGION
942 _hQ4:33, G6;L2
_cTEXL
_2CC
999 _c195495
_d195495